000 00246nam a2200097Ia 4500
008 240625s9999 xx 000 0 und d
041 _aeng
082 _a808.20 KAU
100 _aKAUR KANCHANPREET
245 _aINTEGREON INDIA AS A DESTINATION FOR OUT
999 _c35270
_d35270